zpět

Detail výsledku týmu

Srdcovka Ústí, Ústí nad Labem

Datum a čas kvízu

31 Celkem bodů Celkový počet nahraných bodů na tomto kvízu bez doplňovacích otázek.
4. Pořadí na kvízu Konečné umístění týmu na tomto kvízu.

Zaznamenané odpovědi

# Otázka Odpověď Body Výsledky
1. Zuzana Majerová z hnutí Trikol... Rychlé šípy 1
2. Letadlo na lince z Paříže do k... usnul 1
3. V noci ze středy na čtvrtek by... Jimmy Kimmel 0
4. Společnost China Eastern Airli... Buenos Aires 0
5. Švédský atletický fenomén Arma... 630 cm 0
6. Ve spolupráci s Radou Evropy j... 1B 2C 3D 4A 1
7. Co znamená maďarské slovo hétf... pondělí 0
8. Jak se jmenuje autonomní oblas... Vojvodina 0
9. Která z těchto knih nebyla nap... B 0
10. Pozoruhodným jazykem je velšti... křeček 0